Možnosti riešenia dlhodobej nezamestnanosti vo vybranom okrese SR bakalárska práca

Na minha lista:
Detalhes bibliográficos
Autor principal: Jakubčin, Viktor
Autor Corporativo: Podnikovohospodárska fakulta EU so sídlom v Košiciach. Katedra hospodárskej informatiky a matematiky
Outros Autores: Nižníková, Zuzana, 1986-
Formato: Livro
Idioma:eslovaco
Publicado em: Košice 2012
Tags: Adicionar Tag
Sem tags, seja o primeiro a adicionar uma tag!

MARC

LEADER 00000nbm a2200000 4500
001 0155591
005 20161109111902.7
041 0 |a slo 
044 |a SK 
245 1 0 |a Možnosti riešenia dlhodobej nezamestnanosti vo vybranom okrese SR  |b bakalárska práca  |c Viktor Jakubčin ; školiteľ: Zuzana Nižníková 
264 1 |a Košice  |c 2012 
300 |a 47 s. 
100 1 |a Jakubčin, Viktor 
700 1 |a Nižníková, Zuzana, 1986- 
710 2 |a Podnikovohospodárska fakulta EU so sídlom v Košiciach. Katedra hospodárskej informatiky a matematiky